00499nam a2200193 a 4500001001300000003000900013005001700022008004100039020002300080082001400103100001500117245003700132260004300169300000900212500003500221505001000256650002400266700001500290nice12345678IN_TiNIC20260116014023.0120720s2010 lona grp 000 0 eng  a9780415254021c35000a190bRIC3 aRichards,  aPrinciples of Literary Criticism aLondon bRoutledge Chapman Hall c2010 a283p aincludes index and biblioraphy2 aIndex aPhilosophy-Rechards1 aRichards,